Normale Ansicht MARC-Ansicht ISBD

Keynote: Industriekultur - und Denkmalpflege in pandemischen Zeiten / (Titelsatznr. 370779)

[ MARC ]
MARC-Details
000 -Satzkennung
Kontrollfeld mit fester Länge 00677nab a2200205 4500
001 - Kontrollnummer
Kontrollfeld 4
003 - Kontrollnummer Identifier
Kontrollfeld OSt
005 - Datum und Zeit der letzten Transaktion
Kontrollfeld 20210917083803.0
007 - Feld mit fester Länge zur physischen Beschreibung - Allgemeine Information
Kontrollfeld mit fester Länge tu
008 - Feld mit fester Länge zur physischen Beschreibung - Allgemeine Angaben
Kontrollfeld mit fester Länge ||||||||||||
040 ## - Katalogisierungsquelle
Original-Katalogisierungsstelle DE-2950
Übertragungsstelle DE-2950
245 00 - Titel
Titel Keynote: Industriekultur - und Denkmalpflege in pandemischen Zeiten /
Verfasserangabe etc. Thomas Drachenberg
260 ## - Publikation, Vertrieb usw.
Erscheinungsjahr, Vertriebsjahr etc. 2021
505 ## - Fußnote zu strukturierten Inhaltsangaben
Fußnote zu strukturierten Inhaltsangaben Darin: Johannes Hentze (später Johannes von Blanckenburg), 1559-1609, als Student in Frankfurt (Oder).<br/>Epitaphe der St. Marienkirche zu Bernau
525 ## - Fußnote zu Beilagen
Fußnote zu Beilagen Enthaltene Fotografien: Fotos
653 ## - Indexierungsterm - Nicht normiert
Nicht-normierter Term Pandemie / Corona
653 ## - Indexierungsterm - Nicht normiert
Nicht-normierter Term Denkmalpflege
773 0# - Übergeordnete Einheit
Verknüpfungsangaben I/2021, S. 3-7
Titel Brandenburgische Denkmalpflege
942 ## - Zusätzliche Felder (Koha)
Klassifikation oder Aufstellungssystematik Andere/Generische Klassifikation
Koha-Medientyp Aufsätze
Exemplare
Ausgeschieden Verloren Klassifikation oder Aufstellungssystematik Beschädigt Nicht entleihbar Heimatbibliothek Aufenthaltsbibliothek Aufstellungsort Erwerbungsdatum Anzahl Ausleihen Signatur Letzte Aktivität Preis gültig von Koha-Medientyp
    Andere/Generische Klassifikation     Stadtarchiv Frankfurt (Oder) | Archivbibliothek Stadtarchiv Frankfurt (Oder) | Archivbibliothek Lesesaal 17/09/2021   D24 ; IV: 0965 17/09/2021 17/09/2021 Aufsätze